Essential study skills : the complete guide to success at university (Record no. 62823)

MARC details
000 -LEADER
fixed length control field 00847nam a2200265 a 4500
003 - CONTROL NUMBER IDENTIFIER
control field CBULib
005 - DATE AND TIME OF LATEST TRANSACTION
control field 20251119101803.0
008 - FIXED-LENGTH DATA ELEMENTS--GENERAL INFORMATION
fixed length control field 180914s2016 ||||||||||||||||| || u
020 ## - INTERNATIONAL STANDARD BOOK NUMBER
International Standard Book Number 9781473919020
040 ## - CATALOGING SOURCE
Language of cataloging English
Transcribing agency CBULib
Description conventions rda
041 ## - LANGUAGE CODE
Language code of text/sound track or separate title eng
050 ## - LIBRARY OF CONGRESS CALL NUMBER
Classification number LB 2395 Bur
Item number 753533
100 ## - MAIN ENTRY--PERSONAL NAME
Personal name Burns, Tom
9 (RLIN) 3930
245 10 - TITLE STATEMENT
Title Essential study skills : the complete guide to success at university
Statement of responsibility, etc / by Tom Burns and Sandra Sinfield
250 ## - EDITION STATEMENT
Edition statement Fourth edition
260 ## - PUBLICATION, DISTRIBUTION, ETC. (IMPRINT)
Place of publication, distribution, etc Los Angeles :
Name of publisher, distributor, etc SAGE Publications,
Date of publication, distribution, etc 2016
300 ## - PHYSICAL DESCRIPTION
Extent xii, 322 pages : illustrations
336 ## - CONTENT TYPE
Source rdacontent
Content type term Text |
Content type code txt
337 ## - MEDIA TYPE
Source rdamedia
Media type term Unmediated |
Media type code n
338 ## - CARRIER TYPE
Source rdacarrier
Carrier type term Volume
Carrier type code nc
650 #0 - SUBJECT ADDED ENTRY--TOPICAL TERM
Topical term or geographic name as entry element STUDY SKILLS
9 (RLIN) 3628
650 #0 - SUBJECT ADDED ENTRY--TOPICAL TERM
Topical term or geographic name as entry element STUDY SKILLS--HANDBOOKS, MANUALS, ETC
9 (RLIN) 3958
700 ## - ADDED ENTRY--PERSONAL NAME
Personal name Sinfield, Sandra
9 (RLIN) 3931
942 ## - ADDED ENTRY ELEMENTS (KOHA)
Source of classification or shelving scheme
Koha item type MONOGRAPH
Holdings
Withdrawn status Lost status Source of classification or shelving scheme Damaged status Not for loan Permanent Location Current Location Shelving location Date acquired Total Checkouts Full call number Barcode Date last seen Price effective from Koha item type Collection code Source of acquisition Cost, normal purchase price Copy number
          CBU- LUSAKA CAMPUS CBU- LUSAKA CAMPUS General Stacks 11/01/2024   LB 2395 Bur 753124 11/01/2024 11/01/2024 MONOGRAPH CBU-Lusaka Campus DON-BOOKAID 32.00  
          CBU- LUSAKA CAMPUS CBU- LUSAKA CAMPUS General Stacks 11/01/2024   LB 2395 Bur 753123 11/01/2024 11/01/2024 MONOGRAPH CBU-Lusaka Campus DON-BOOKAID 32.00  
          CBU-MAIN LIBRARY, KITWE. CBU-MAIN LIBRARY, KITWE.   12/16/2022   LB 2395 Bur 748661 12/16/2022 12/16/2022 MONOGRAPH        
          CBU-MAIN LIBRARY, KITWE. CBU-MAIN LIBRARY, KITWE.   12/16/2022   LB 2395 Bur 748660 12/16/2022 12/16/2022 MONOGRAPH        
          CBU-MAIN LIBRARY, KITWE. CBU-MAIN LIBRARY, KITWE.   12/16/2022   LB 2395 Bur 748659 12/16/2022 12/16/2022 MONOGRAPH        
          CBU-MAIN LIBRARY, KITWE. CBU-MAIN LIBRARY, KITWE.   12/16/2022   LB 2395 Bur 748662 12/16/2022 12/16/2022 MONOGRAPH        
          CBU-MPIKA LIBRARY, MPIKA CAMPUS. CBU-MAIN LIBRARY, KITWE. General Stacks 02/19/2025   LB 2395 Bur 753440 02/19/2025 02/19/2025 MONOGRAPH Mpika Library Collection BOOK AID INTERNATIONAL 32.00  
          CBU-MPIKA LIBRARY, MPIKA CAMPUS. CBU-MAIN LIBRARY, KITWE. General Stacks 02/19/2025   LB 2395 Bur   02/19/2025 02/19/2025 MONOGRAPH Mpika Library Collection BOOK AID INTERNATIONAL 32.00  
          CBU-MAIN LIBRARY, KITWE. CBU-MAIN LIBRARY, KITWE. General Stacks 10/29/2025   LB 2395 Bur 753533 10/29/2025 10/29/2025 MONOGRAPH Main Library Open Access Collection DON- BOOKAID 26.00 1
          CBU-MAIN LIBRARY, KITWE. CBU-MAIN LIBRARY, KITWE. General Stacks 10/29/2025   LB 2395 Bur 753537 10/29/2025 10/29/2025 MONOGRAPH Main Library Open Access Collection DON-BOOKAID 26.00 2
          CBU-MAIN LIBRARY, KITWE. CBU-MAIN LIBRARY, KITWE. General Stacks 11/19/2025   LB 2395 Bur 753538 11/19/2025 11/19/2025 MONOGRAPH Main Library Open Access Collection DON-BOOKAID 45.00  
          CBU-SCHOOL OF MEDICINE LIBRARY, NDOLA. CBU-SCHOOL OF MEDICINE LIBRARY, NDOLA.   12/16/2022   LB 2395 Bur 904255 12/16/2022 12/16/2022 MONOGRAPH        
          CBU-SCHOOL OF MEDICINE LIBRARY, NDOLA. CBU-SCHOOL OF MEDICINE LIBRARY, NDOLA.   12/16/2022   LB 2395 Bur 904254 12/16/2022 12/16/2022 MONOGRAPH